Konkurencieschopnosť SR v rámci krajín V4 vzhľadom na vývoj podnikateľského prostredia a inovačnej aktivity podnikov

Charakteristika podnikateľského prostredia. Inovácie a inovačné podnikanie. Pohľad na tradičný a nový prístup k inováciám. Hodnotenie podnikateľského prostredia v krajinách V4. Hodnotenie inovačnej aktivity v krajinách V4.

Salvato in:
Dettagli Bibliografici
Autore principale: Demjanová, Lucia, 1981-
Natura: Capitolo di libro
Lingua:slovacco
Soggetti:
Tags: Aggiungi Tag
Nessun Tag, puoi essere il primo ad aggiungerne!!

MARC

LEADER 00000nla$a2200000$$$4500
001 0125216
005 20240711103600.5
041 0 |a slo 
044 |a SK 
245 1 0 |a Konkurencieschopnosť SR v rámci krajín V4 vzhľadom na vývoj podnikateľského prostredia a inovačnej aktivity podnikov  |c Lucia Demjanová 
520 |a Charakteristika podnikateľského prostredia. Inovácie a inovačné podnikanie. Pohľad na tradičný a nový prístup k inováciám. Hodnotenie podnikateľského prostredia v krajinách V4. Hodnotenie inovačnej aktivity v krajinách V4. 
610 2 0 |a prostredie podnikateľské 
610 2 0 |a podnikanie 
610 2 0 |a hospodárstvo trhové 
610 2 0 |a konkurencia 
610 2 0 |a inovácia 
610 2 0 |a sloboda ekonomická 
610 2 0 |a Vyšehradská štvorka 
100 1 |a Demjanová, Lucia, 1981-